[Event "Bayern-ch op Seniors 26th"]
[Site "Bergen"]
[Date "2014.06.25"]
[Round "6"]
[White "Abel, Hans Peter"]
[Black "Steffl, Herbert"]
[Result "1-0"]
[WhiteElo "1715"]
[BlackElo "1512"]
[PlyCount "43"]
[EventDate "2014.06.21"]
[EventType "swiss"]
[EventRounds "7"]
[EventCountry "GER"]
[SourceTitle "EXT 2018"]
[Source "ChessBase"]
[SourceDate "2017.10.13"]
[SourceVersion "1"]
[SourceVersionDate "2017.10.13"]
[SourceQuality "1"]

1. Nf3 Nf6 2. c4 c5 3. Nc3 Nc6 4. g3 e6 5. Bg2 d5 6. cxd5 Nxd5 7. 0-0 Be7 8. d4 Nxc3 9. bxc3 0-0 10. e3 Rb8 11. Qc2 cxd4 12. cxd4 Bd7 13. Bd2 Rc8 14. Qb2 b6 15. Rfc1 Bd6 16. Bc3 f6 17. Nd2 Qe7 18. a3 Nb8 19. Ne4 a5 20. Nxd6 Qxd6 21. Rab1 a4 22. Bb4 1-0

[Event "Bad Woerishofen op 19th"]
[Site "Bad Woerishofen"]
[Date "2003.03.19"]
[Round "7"]
[White "Steffl, Herbert"]
[Black "Schaumann, Rudolf"]
[Result "1-0"]
[WhiteElo "1639"]
[BlackElo "1283"]
[PlyCount "89"]
[EventDate "2003.03.13"]
[EventType "swiss"]
[EventRounds "9"]
[EventCountry "GER"]
[SourceTitle "CBM 093 Extra"]
[Source "ChessBase"]
[SourceDate "2003.05.09"]
[SourceVersion "1"]
[SourceVersionDate "2003.05.09"]
[SourceQuality "1"]

1. d4 Nf6 2. Nf3 d6 3. e3 g6 4. c4 Bg7 5. Nc3 Nbd7 6. b4 0-0 7. Be2 e5 8. 0-0 Qe7 9. a4 Rd8 10. Ba3 e4 11. Nd2 Nf8 12. h3 b6 13. Qc2 Re8 14. c5 d5 15. Bb5 Rd8 16. c6 Nh5 17. Be2 Qg5 18. Kh2 Nf6 19. a5 h5 20. axb6 axb6 21. Bb2 Bf5 22. Rxa8 Rxa8 23. Ra1 Rxa1 24. Bxa1 Ne6 25. Nb5 Qh4 26. Kg1 Bh6 27. Bf1 Bf8 28. Bc3 Qg5 29. Kh1 Ne8 30. Qa4 Qd8 31. Na3 g5 32. b5 h4 33. Bb4 Nf6 34. Be2 g4 35. Bxf8 Qxf8 36. hxg4 Nxg4 37. Kg1 Qg7 38. Nf1 Ng5 39. Qa8+ Kh7 40. Bxg4 Bxg4 41. Qd8 Nf3+ 42. gxf3 Bh3+ 43. Ng3 f6 44. Qxd5 hxg3 45. Qxe4+ 1-0

[Event "Bad Woerishofen op 19th"]
[Site "Bad Woerishofen"]
[Date "2003.03.17"]
[Round "5"]
[White "Steffl, Herbert"]
[Black "Dintheer, Willi"]
[Result "0-1"]
[WhiteElo "1639"]
[BlackElo "2098"]
[PlyCount "58"]
[EventDate "2003.03.13"]
[EventType "swiss"]
[EventRounds "9"]
[EventCountry "GER"]
[SourceTitle "CBM 093 Extra"]
[Source "ChessBase"]
[SourceDate "2003.05.09"]
[SourceVersion "1"]
[SourceVersionDate "2003.05.09"]
[SourceQuality "1"]

1. d4 Nf6 2. Nf3 g6 3. c4 Bg7 4. Nc3 d6 5. e3 0-0 6. Be2 c6 7. b4 Nbd7 8. 0-0 e5 9. a4 Re8 10. Ba3 d5 11. b5 Ne4 12. Qc2 Nxc3 13. Qxc3 exd4 14. Qb3 dxe3 15. Rad1 Qb6 16. a5 exf2+ 17. Rxf2 Qxa5 18. cxd5 Qb6 19. Kf1 Re3 20. Rd3 Rxd3 21. Bxd3 Nc5 22. Bxc5 Qxc5 23. bxc6 bxc6 24. Bc4 cxd5 25. Bxd5 Ba6+ 26. Re2 Bxe2+ 27. Kxe2 Re8+ 28. Kf1 Qc1+ 29. Kf2 Qb2+ 0-1

[Event "Bad Woerishofen op 19th"]
[Site "Bad Woerishofen"]
[Date "2003.03.14"]
[Round "2"]
[White "Henrichs, Wenke"]
[Black "Steffl, Herbert"]
[Result "1-0"]
[WhiteElo "2064"]
[BlackElo "1639"]
[PlyCount "63"]
[EventDate "2003.03.13"]
[EventType "swiss"]
[EventRounds "9"]
[EventCountry "GER"]
[SourceTitle "CBM 093 Extra"]
[Source "ChessBase"]
[SourceDate "2003.05.09"]
[SourceVersion "1"]
[SourceVersionDate "2003.05.09"]
[SourceQuality "1"]

1. c4 Nf6 2. Nc3 e6 3. d4 d5 4. Bg5 Be7 5. cxd5 exd5 6. e3 0-0 7. Bd3 b6 8. Qc2 h6 9. Bf4 c6 10. Nf3 Ba6 11. Ne5 Bxd3 12. Qxd3 Nfd7 13. Rc1 Nxe5 14. Bxe5 Bd6 15. Bg3 f5 16. 0-0 h5 17. Bxd6 Qxd6 18. f3 h4 19. e4 fxe4 20. fxe4 Rxf1+ 21. Rxf1 Qg6 22. Qh3 Na6 23. exd5 cxd5 24. Qf5 Qxf5 25. Rxf5 Nb4 26. a3 Nd3 27. Nxd5 Re8 28. b4 Re4 29. h3 Kh7 30. Rf7 Kg6 31. Rf3 Rxd4 32. Rxd3 1-0